00740cam a2200229 a 4500001000800000005001700008008004100025020003600066020003500102040001800137082002100155100002200176245008900198260004700287300001900334650001000353650002200363650001300385942000600398952009300404999001300497163402520240208061859.0960311s1996 nyu b 001 0 eng  a0801432596 (cloth : alk. paper) a080148376X (pbk. : alk. paper) aDLCcDLCdDLC00a306.88220bJOH.1 aSeery, John Evan.10aPolitical theory for mortals :bshades of justice, images of death /cJohn E. Seery. aIthaca :bCornell University Press,c1996. aviii, 230 p. ; 0aDeath 0aPolitical science 0aJustice. cL 001040708LaWERCLbWERCLd2024-02-08l0o306.88 JOH.p2259r2024-02-08w2024-02-08yL c353d353